000 00530nam a2200181Ia 4500
008 090124s9999 xx 000 0 und d
082 _b20062
_a6358
100 _aभडभडे सुमन
245 _a इथे बहर भावफुला
250 _a1
260 _c1973
300 _a132
600 _aभडभडे सुमन
630 _a इथे बहर भावफुला
700 _aभडभडे सुमन
730 _a इथे बहर भावफुला
942 _cBOOK
999 _c133873
_d133873